000 00848cam a22002174a 4500
005 20250605164050.0
008 250528s ||||||||||||||||||||||||d
035 _a17258
020 _a29461316
040 _aGR-AtMCL
_bgre
_dGR-AtMCL
_eAACR2
245 1 _aThe International Economy / Sixth Edition
250 _a6th
260 _bMacmillan Publishing Company,
_c1990
300 _a560
520 _aIntroduction, From Restriction Toward Freedom in Trade and Enterprise, The Theory of International Trade: Bases of Specialization and Trade, Tariffs and Protection, Internationalism and Its Rival, International Monetary Relations, The International Monetary System in the Twentieth Century, Author and Subject Index.
700 1 _aEllsworth T. P
_93417
700 1 _aLeith Clark J
_93418
942 _cBK
999 _c2686
_d2686